书目信息 |
| 题名: |
突破——篮球技战术
|
|
| 作者: | 海夫纳 , 海夫纳 著 ;韩立森 , 丁道旭 译 | |
| 分册: | ||
| 出版信息: | 南京 东南大学出版社 2009.03 |
|
| 页数: | 173页 | |
| 开本: | 21cm | |
| 丛书名: | ||
| 单 册: | ||
| 中图分类: | G841.19 | |
| 科图分类: | ||
| 主题词: | 篮球运动--lan qiu yun dong--运动技术 | |
| 电子资源: | ||
| ISBN: | 978-7-5641-1605-7 | |
| 000 | 01060nam0 2200277 450 | |
| 001 | 012009065557 | |
| 005 | 20090919135606.17 | |
| 010 | @a978-7-5641-1605-7@dCNY12.00 | |
| 100 | @a20090919d2009 em y0chiy0120 ea | |
| 101 | 1 | @achi@ceng |
| 102 | @aCN@b320000 | |
| 105 | @aa z 000yy | |
| 106 | @ar | |
| 200 | 1 | @a突破——篮球技战术@Atu po——lan qiu ji zhan shu@f(美) Jeff & Joe Haefner著@F(mei)Jeff&Joe Haefner zhu@g韩立森, 丁道旭译@Ghan li sen,ding dao xu yi |
| 210 | @a南京@c东南大学出版社@d2009.03 | |
| 215 | @a173页@c图@d21cm | |
| 314 | @a责任者规范汉译姓 : 海夫纳 | |
| 330 | @a本书包括篮球运动中的技术和战术两个部分,书中介绍的各种练习方法和手段都是经过他们长期的实践经验总结汇集起来的,有很强的针对性和实用性。 | |
| 606 | 0 | @a篮球运动@Alan qiu yun dong@x运动技术 |
| 690 | @aG841.19@v4 | |
| 701 | 1 | @a海夫纳@Ahai fu na@g(Haefner, Jeff)@4著 |
| 701 | 1 | @a海夫纳@Ahai fu na@g(Haefner, Joe)@4著 |
| 702 | 0 | @a韩立森@Ahan li sen@4译 |
| 702 | 0 | @a丁道旭@Ading dao xu@4译 |
| 801 | 0 | @aCN@bQSSK@c20090919 |
| 905 | @b757393-95@dG841.19@eH026@f3 | |
| 突破——篮球技战术/(美) Jeff & Joe Haefner著/韩立森, 丁道旭译.-南京:东南大学出版社,2009.03 |
| 173页:图;21cm |
| ISBN 978-7-5641-1605-7:CNY12.00 |
| 本书包括篮球运动中的技术和战术两个部分,书中介绍的各种练习方法和手段都是经过他们长期的实践经验总结汇集起来的,有很强的针对性和实用性。 |
| ● |
| 相关链接 |
|
|
|
正题名:突破——篮球技战术
索取号:G841.19/H026
 
预约/预借
| 序号 | 登录号 | 条形码 | 馆藏地/架位号 | 状态 | 备注 |
| 1 | 757393 | 207573936 | 社科库409/409社科库 22排4列5层/ [索取号:G841.19/H026] | 在馆 | |
| 2 | 757394 | 207573945 | 社科库409/409社科库 22排4列5层/ [索取号:G841.19/H026] | 在馆 | |
| 3 | 757395 | 207573954 | 社科库409/409社科库 22排4列5层/ [索取号:G841.19/H026] | 在馆 |